[Event "HCL-B192"]
[Site "www.playchess.de"]
[Date "2001.03.21"]
[Round "17"]
[White "Translightor"]
[Black "jabbaman"]
[WhiteElo "1417"]
[BlackElo "1282"]
[PlyCount "171"]
[Result "1-0"]

1.e4 {Welcome & Good Luck!}  g6 {Hello from 
Victoria, BC. my email is jabba@jabbaland.ca I'm 
interested in what search engines you us}  2.d4 {I 
mostly use altavista, sometimes yahoo. Nothing 
special.}  Bg7 {Do you research your holiday 
destinations on the web? Do you stay at Bed & 
Breakfasts when you trave}  3.c3 {Are you earning 
money with enquiries? Answers: 1. No. 2. No.}  d6 
{No - I do marketing for local B&Bs and am curious 
how and where people travel/stay - thanks!}  4.Nf3 
{Well, I've never been in Canada but I've heard 
good stories about your country.}  Nf6 {It's the 
greatest country in the world! You really have to 
come over some time.}  5.Nbd2 {In my opinion 
that's Spain but I've a colleague who spent one 
year in Canada and loved it.}  c5 {I've never been 
to Spain, but I wonder if they have ancient rain 
forests to walk through?}  6.Be2 {No, but they 
have beaches, fiestas and much more.}  Nc6 {We 
have those too! Butthe rainforests are something 
to behold!!}  7.dxc5 {You are strong in marketing, 
but you won't convince me to change my mind.}  
dxc5 {Then i'll have to go to Spain and decide for 
myself!}  8.O-O {Tastes of different, but as I 
said, my colleague adores Canada. Maybe you should 
comunicate with her}  O-O {email is 
jabba@jabbaland.ca}  9.Qc2 {Want to surprise her? 
Her email is translatorone@aol.com}  Bg4 {email 
sent!}  10.Re1 {Thanks. I hope that she'll like 
the surprise.}  Qc7 {She did!  btw - nice solid 
game!}  11.Nb3 {She is already complaining that 
you don't write her back.}  b6 {I am chosing my 
words wisely!}  12.h3 {So you are chosing your 
moves. My colleague likes e-Mail, and she likes 
all Canadians very much.}  Bxf3 {We Canadians try 
very hard to be nice!}  13.Bxf3 {And you marketing 
men even more! Well, it works.}  Rad8 14.Be3 e6 
15.Rad1 a6 16.Rxd8 {It's Saturday morning here. A 
day of leisure ahead of me. I wish you a great 
weekend, too.}  Rxd8 {The weekends mean my phone 
rings less and I work harder!}  17.Rd1 {After all 
that you have written to Karin, I think that you 
love your work!}  Ne5 { ilove what I do - there is 
no doubt about that -  sometimes I frget to 
recharge though!}  18.Be2 {We Germans have a word 
for your way of life: "Lebenskünstler" = life 
artist.}  Nfd7 {Life artist - seeing  things only 
one way. After our email this morning I decided to 
take my gradson}  19.f4 {It's admirable: You 
combine many activities that you like, and make a 
living with it.}  Nc6 {as I was saying - you made 
me think so I took my grandson to the Bug Zoo. Now 
that's fun! more later}  20.a4 {Bug Zoo? He sure 
liked it. Sometimes small is great!}  Nf6 {The 
looks on his face where worth the time spent - 
many times over!}  21.Rxd8+ {It's 1.40 a.m. here. 
Sorry, I'm too tired to talk now.}  Qxd8 22.Kf2 h5 
{It's a new day!!}  23.Bxa6 {Right. I think that I 
finally can afford to take this pawn.}  Qa8 {Yes - 
now is a good time!}  24.Bb5 {Of course, a pawn 
doesn't mean too much.}  Na7 {Finnaly the game 
comes to life!!}  25.Bd3 {This will probably my 
last "weekend move" in this game.}  Qc6 26.Nd2 b5 
27.axb5 Nxb5 {Good morning! I spent all day 
yesterday with the tax man! No sense of humor - 
the bastards!}  28.Qa4 {I suppose you couldn't 
convince them to buy any of your games.}  Nd4 
{Buy? This is Canada!! They just take!}  29.Qxc6 
{If they take, then it's not Canada, it's 
Anywhere!}  Nxc6 30.Bxc5 Nd7 {Not much left here!} 
 31.Be3 {Was it really THAT bad? I mean, most of 
it must be your intellectual property.}  f5 {Yes - 
I have the intllectual property and the ability to 
do it again! That's the great thing!!}  32.e5 
{Looking at our game, I feel like a taxman too, 
having taken two of your pawns.}  Bf8 33.b4 Bxb4 
{taken for free i might add! you may win with 
extra pawns, but not an extra piece!}  34.cxb4 
{This again is a parallel to the taxes: What are 
they good for?}  Nxb4 {taxes are good for the 
taxman!}  35.Bc4 {Then what is the taxman good 
for?}  Kf7 36.Nb3 Nc2 37.Bc1 Nb6 38.Bb5 Nb4 39.Nc5 
Ke7 40.Kf3 Nc2 41.Bb2 Ne1+ 42.Kf2 Nc2 43.g4 {Have 
you felt the Seattle earthquake?}  fxg4 {The quake 
was felt here. WOW! My studio shook like crazy. I, 
not  ready for the end!}  44.hxg4 {I hope that 
what the tax collectors had left you wasn't 
destroyed by the quake.}  hxg4 {Taxman = bad 
memories! Our game is a draw?!}  45.Kg3 {Okay, I 
won't talk about them anymore! But I still have 
hope to win this game.}  Ne3 {2 pawns left - you 
need them to win!}  46.Bc1 {If you kill them by 
sacrifying a knight, it may end in the infamous 
K+B+N:K ending.}  Nbd5 {yes it will - do u have 
200 moves of patience?}  47.Ne4 {50 moves is 
enough. And there may be some other options.}  Kf7 
{You have all the advantages!}  48.Ng5+ Ke7 
49.Ba3+ Kd8 {I missed this line completely! Got to 
focus ...}  50.Nxe6+ {I have a pretty stressy week 
myself, which makes me lose some games, too.}  Kc8 
{I have he best excuses}  51.Bc6 {Yes I know - 
quake, tax, kids... No comparison!}  Nxf4 {Trouble 
trouble everywhere ...}  52.Nxf4 {Just to cheer 
you up: Karin likes your photo! Has she told you 
yet?}  Nc4 {Cheer up? I'm your sacrificial lamb!! 
Yes she did. That felt very nice...}  53.Nxg6 {OK, 
I sacrify you one of my bishops (though you will 
correctly suppose that this has evil intentions}  
Nxa3 54.e6 {I'm so stupid!!! I thought that you 
couldn't catch this pawn. Well...}  Nc4 {I know 
the feeling???!!}  55.e7 {But there is still that 
famous endgame...}  Nd6 {Just  came back from 
COMDEX the computer show on the mainland. Not much 
new..}  56.e8Q+ {%}  Nxe8 57.Bxe8 {I neec to 
practice this endgame. Without looking into the 
books - honestly!}  Kd8 {Okay -----}  58.Bf7 Kd7 
{3 rules to win - do you remember them?? his game 
will take 76 moves to mate - if you don't make 
any}  59.Kxg4 {50 moves after taking this pawn - I 
must reach the mate until 109.}  Kd6 {Good count!! 
King dance first...}  60.Kf4 {Enjoy the space as 
long as you can!}  Kc5 {Yes - as loooooong as I 
can!}  61.Ke4 Kb4 62.Kd4 Kb5 {how many moves will 
it take you to mate??}  63.Ne5 {I remember that 
it's about 35 but I want to look it up nowhere.}  
Kb4 64.Bc4 Ka3 {The wall is closing in?!}  65.Kc3 
{It's easy to get the king against the wall. But 
how to drive him into the right corner?}  Ka4 {You 
mean the white corner!!}  66.Nd3 {White is right!} 
 Ka3 67.Ne1 Ka4 {Here's your tempo ...Don't you 
have anything to do today??}  68.Nc2 Ka5 69.Kd4 
{I'm probably not doing the best job, but there 
are still 40 moves left.}  Kb6 {40 moves till I 
quit??}  70.Kd5 Kc7 {Never annoyed - just my 
canadian sense of humour - fight on my friend!!!}  
71.Bb5 {Even if I don't win, we will be 
recordholders: The longest game at PlayChess so 
far went 79 moves.}  Kb6 {I hope you see the 
humour in my constant offer of a draw. Sort of 
cartoonish...}  72.Kc4 {My moves are cartoonish, 
too!}  Kc7 73.Kc5 {Finally an easy move!}  Kd8 
{Easy move??}  74.Kd6 {Yes, because it was the 
only one which made sense.}  Kc8 {Okay.}  75.Nb4 
{Thanks for your mail. Peace!}  Kb7 {It's very 
soon ...}  76.Nd5 {Well, I have your king under 
control now. And in the right corner..}  Kc8 
{control & the right corner!!}  77.Ke7 {It should 
be possible in 32 moves from now on...}  Kb7 
{closer & closer}  78.Kd7 {Hold it till move 80 
(for the record)!}  Kb8 {but I just hate being the 
looser in any record but for fun I'm in! besides 
you need a tempo to mate?}  79.Ne7 {This move was 
a difficult one; if my calculations are right, 
then I'll get you in move 86.}  Kb7 {Okay! 86ing 
me in 86 moves it is!!}  80.Nc8 {This keeps your 
king in the corner.}  Kb8 {Okay}  81.Ba6 {I'm away 
on holidays for the next five months. We'll finish 
later. Bye!}  Ka8 {funny funny!}  82.Kc6 {I know 
that we Germans are not famous for our humour.}  
Kb8 {I agree!}  83.Kb6 {I'll be off to the cinema 
in a few minutes - and that's no joke!}  Ka8 
84.Ne7 {Our game is coming to a close. Thanks for 
your patience!}  Kb8 85.Nc6+ {Good luck to you and 
- see you again!}  Ka8 {Thanks for the great 
time!!}  86.Bb7+ 1-0

[Event "HCL-C196"]
[Site "www.playchess.de"]
[Date "2001.03.21"]
[Round "14"]
[White "guerino"]
[Black "Edik"]
[WhiteElo "974"]
[BlackElo "677"]
[PlyCount "52"]
[Result "0-1"]

1.e4 c6 2.d4 d5 3.Nc3 dxe4 4.Nxe4 Bf5 5.Ng3 Bg6 
6.h4 h6 7.Nf3 Nd7 8.h5 Bh7 9.Bd3 Bxd3 10.Qxd3 Qc7 
11.Bd2 Ngf6 12.O-O-O e6 13.c4 Bd6 14.Ne4 Bf4 15.g3 
Bxd2+ 16.Nfxd2 O-O 17.Nf3 Nxe4 18.Qxe4 Nf6 19.Qe2 
Rfd8 20.Ne5 c5 21.dxc5 Qxc5 22.b3 b5 23.Kb1 bxc4 
24.Nxc4 Nd5 25.Ne5 Nc3+ 26.Kb2 
Nxe2 0-1

[Event "ACL-A105"]
[Site "www.playchess.de"]
[Date "2001.03.21"]
[Round "10"]
[White "dakini"]
[Black "guerino"]
[WhiteElo "1608"]
[BlackElo "1199"]
[PlyCount "65"]
[Result "1-0"]

1.d4 {Hhi ! nice to meet you again here. What´s 
your real name?}  Nf6 2.Bg5 {Thomas! And yours?}  
e6 3.e4 Be7 4.e5 Nd5 5.Bxe7 Qxe7 6.c4 Nb6 7.c5 Nd5 
8.Bc4 Nb4 9.Nf3 {How are you? What´s your name and 
where do you live in Greece?}  d6 10.cxd6 cxd6 
11.O-O O-O 12.Nc3 a6 13.a3 N4c6 14.exd6 Qxd6 15.d5 
{Hello! How are you? I don´t know anything of you 
... :-) You want stay incognito?}  exd5 16.Bxd5 
Be6 17.Re1 Bxd5 18.Nxd5 Qd8 19.Qb3 Nd7 20.Qxb7 Na5 
21.Qb4 Nc6 22.Qa4 Qc8 23.Qxc6 Qxc6 24.Ne7+ Kh8 
25.Nxc6 Nf6 26.Nfe5 g6 27.Rad1 Kg7 28.b4 Rfc8 
29.a4 Nh5 30.b5 axb5 31.axb5 Nf4 32.b6 Rce8 
33.b7 1-0

[Event "HCL-C196"]
[Site "www.playchess.de"]
[Date "2001.03.21"]
[Round "17"]
[White "Jovane_Nikolic"]
[Black "rayaryura"]
[WhiteElo "1000"]
[BlackElo "1000"]
[PlyCount "31"]
[Result "1-0"]

1.Nf3 Nc6 2.c4 d5 3.cxd5 Qxd5 4.Nc3 Qd8 5.d4 e6 
6.a3 Nf6 7.e4 h6 8.Bb5 Bd7 9.O-O a6 10.Bxc6 bxc6 
11.Ne5 Qe7 12.Qd3 Qd6 13.Bf4 Qe7 14.Qc4 g5 15.Nxc6 
Bxc6 16.Qxc6+ 1-0

[Event "HCL-C193"]
[Site "www.playchess.de"]
[Date "2001.03.21"]
[Round "25"]
[White "lienk"]
[Black "wael"]
[WhiteElo "1083"]
[BlackElo "1401"]
[PlyCount "34"]
[Result "0-1"]

1.e4 c5 2.Bc4 e6 3.Nc3 Nc6 4.Nf3 a6 5.O-O b5 6.Be2 
Bb7 7.d4 cxd4 8.Nxd4 Bc5 9.Be3 Qb6 10.Nf3 Bxe3 
11.fxe3 Qxe3+ 12.Rf2 Nf6 13.Qd3 Qc5 14.a3 Ng4 
15.b4 Qxf2+ 16.Kh1 Qb6 17.h3 Nf2+ 0-1

[Event "HCL-B196"]
[Site "www.playchess.de"]
[Date "2001.03.21"]
[Round "2"]
[White "Jeff_Foster"]
[Black "Hamburger"]
[WhiteElo "1478"]
[BlackElo "1361"]
[PlyCount "44"]
[Result "1/2-1/2"]

1.d4 d5 2.c4 e6 3.Nc3 Nf6 4.Bg5 Be7 5.Nf3 h6 6.Bh4 
dxc4 7.e3 O-O 8.Bxc4 c5 9.O-O a6 10.dxc5 g5 11.Bg3 
Bxc5 12.Qc2 Nc6 13.a3 b5 14.Bd3 Bb7 15.Ne5 Ne7 
16.b4 Bb6 17.Rad1 Qe8 18.Be2 Rc8 19.Bf3 Bxf3 
20.Nxf3 Ned5 21.Nxd5 Nxd5 22.Qd2 
Nc3 1/2-1/2

[Event "HCL-A089"]
[Site "www.playchess.de"]
[Date "2001.03.21"]
[Round "3"]
[White "Luna"]
[Black "peze"]
[WhiteElo "2035"]
[BlackElo "2018"]
[PlyCount "55"]
[Result "1/2-1/2"]

1.e4 {Gute Partie und viel Erfolg!}  e5 {Hallo und 
viel Glück!}  2.Nf3 Nf6 3.Nxe5 d6 4.Nf3 Nxe4 5.d4 
d5 6.Bd3 Bd6 7.O-O Bg4 8.Re1 f5 9.c4 O-O 10.c5 Be7 
11.Qb3 Nc6 12.Qxb7 Nxd4 13.Nxd4 {I actually saw 
that you have conversation with minkin...:o) Do 
you need English for your job?}  Nxc5 {Hallo Anna! 
Ich glaube, wir sollten's mal in Deutsch 
versuchen. Übrigens, Du spielst gut Schach!}  
14.Qc6 {Ich glaube, Du machst Dich über mich 
lustig, ich steh doch schon breit. Trotzdem danke. 
:o)}  Nxd3 {Ich mach' mich nicht lustig, aber Dc6? 
 Besser 14.Db4 Sxd3  15.Dxe7 c5  16. De6+ mit 
Ausgleich. :-)}  15.Qe6+ {Wieso c5? Sxe1 und ich 
hab genauso 'ne Qualle weniger. Spielst Du 
eigentlich aktiv (im Verein)?}  Rf7 {c5 verschafft 
mir Raumvorteil und Sxe1 läuft nicht weg. Material 
2 S gegen T+b  =/ Verein früher mal}  16.Nc6 {Ich 
bin seit 13 J. im Verein, mach aber kaum 
Training... c5 ist jetzt verhindert :-)}  Qd6 
{...eben}  17.Nxe7+ {Du spielst ganz schön viel 
auf einmal - und bis jetzt noch keine verloren, 
wow!}  Kf8 {...ich habe sehr viel Zeit und auch 
schon 4x verloren (3x gegen "rht341")}  18.Qxd6 
{Im Moment hab ich auch noch Zeit, aber wenn das 
Studium wieder los geht...}  cxd6 {Was studierst 
Du?}  19.Re3 {Lehramt Gym Französisch/Englisch im 
2. Semester. Ziemlich stressig, aber total schön 
(noch...)}  Rxe7 {Fremdsprachen sind leider nicht 
meine Stärken :-(}  20.Nc3 {Darum kannst Du ja 
auch Englisch :-) Was sind denn Deine Stärken?}  
d4 {Alles was mit Zahlen und logischem Denken zu 
tun hat.}  21.Rxe7 {Da hab  ich nun wieder keinen 
Plan (Mathe Abi 3P=5+)}  Kxe7 {Bin gespannt wie 
das hier ausgeht.}  22.Nb5 {Ich würd sagen, der 
"Freimehrbauer" reicht...}  f4 {...da bin ich mir 
nicht so sicher, "mehr" war mal.}  23.Nxd4 {Hast 
recht, wir werden sehen. Wo wohnst Du eigentlich? 
Ich komm aus Dresden.}  Kd7 {Ich stamme aus 
Heidelberg und wohne z.Zt. in Wuppertal.}  24.f3 
{Hast Du neben Schach noch andere Hobbys? Als 
Ausgleich, sozusagen? :-)}  Bh5 {Da ich als 
arbeitsloser Witwerrentner sehr viel Zeit habe - 
Aquaristik :-)}  25.b3 {Züchtest Du auch? Ich hab 
keine "Haustiere", dafür aber 'n Klavier,und ich 
singe sehr gern... :o)}  g5 {Nicht gezielt. 
Zufallsnachwuchs kommt vor bei den Scalaren. / 
klassik oder andere ?}  26.Ba3 {Hauptsächlich 
Klassik, Bach und Mozart; ab und zu aber auch 
Musicals.Fische sind ruhig-wie Schach...}  Bg6 
{Fischen kann man stundenlang zuschauen... Auf dem 
Schachbrett brennt's manchmal. Hier aber nicht. 
:)}  27.Rd1 {Es brennt nichts..., dann biet ich 
mal remis an (vorerst nur so) Wir können aber 
gerne noch spielen!}  Re8 {Hallo Anna! Ich wünsche 
Dir weiter viel Erfolg und den Turniersieg! Auf 
baldiges "Brett frei". Peter}  
28.Kf1 1/2-1/2

[Event "HCL-A090"]
[Site "www.playchess.de"]
[Date "2001.03.21"]
[Round "8"]
[White "Ariv_el_terrible"]
[Black "Gorodish"]
[WhiteElo "1700"]
[BlackElo "1704"]
[PlyCount "28"]
[Result "0-1"]

1.e4 c5 2.Nf3 d6 3.d4 cxd4 4.Nxd4 Nf6 5.Nc3 a5 
6.Bg5 e6 7.f4 h6 8.Bh4 Be7 9.Qf3 Qb6 10.Bb5+ Bd7 
11.Bf2 Qc7 12.O-O-O Nc6 13.g4 Nxd4 14.Bxd4 
Rc8 0-1

[Event "HCL-A090"]
[Site "www.playchess.de"]
[Date "2001.03.21"]
[Round "20"]
[White "vrad"]
[Black "Gorodish"]
[WhiteElo "1960"]
[BlackElo "1704"]
[PlyCount "59"]
[Result "1/2-1/2"]

1.e4 e6 2.Nf3 c5 3.d4 cxd4 4.Nxd4 a6 5.a4 Nf6 
6.Bd3 Nc6 7.Nxc6 dxc6 8.O-O e5 9.b3 Bc5 10.Bg5 h6 
11.Bh4 g5 12.Bg3 Bg4 13.Qe1 Qd6 14.Nd2 Bd4 15.Nc4 
Qe7 16.c3 Ba7 17.Nxe5 O-O-O 18.Kh1 Bb8 19.Nxg4 
Rxd3 20.Nxf6 Qxf6 21.Bxb8 Kxb8 22.Rc1 Qe6 23.b4 
Rhd8 24.f3 R3d2 25.Rf2 Qa2 26.Rxd2 Rxd2 27.Qg3+ 
Ka7 28.Qe5 Rxg2 29.Qc5+ Ka8 30.Qf8+ 1/2-1/2

[Event "HCL-A091"]
[Site "www.playchess.de"]
[Date "2001.03.21"]
[Round "6"]
[White "hominoid"]
[Black "Elmaestro"]
[WhiteElo "1660"]
[BlackElo "1700"]
[PlyCount "41"]
[Result "1/2-1/2"]

1.c4 c5 {hi!!, nice to meet you, how I can start 
my game with white, this is my first time in 
here!!, please!}  2.Nc3 {welcome  and good luck}  
Nc6 3.g3 Nf6 4.Bg2 e5 5.d3 d6 6.Nf3 h6 7.O-O Be6 
8.b3 Qc8 9.Nd2 Bh3 10.Nde4 Nxe4 11.Nxe4 Bxg2 
12.Kxg2 Be7 13.e3 Qe6 14.Bb2 O-O-O 15.f4 exf4 
16.exf4 f5 17.Nc3 Bf6 18.Qd2 Bxc3 19.Bxc3 Qf7 
20.Qb2 Rhg8 21.b4 1/2-1/2

[Event "HCL-C209"]
[Site "www.playchess.de"]
[Date "2001.03.21"]
[Round "12"]
[White "liero2"]
[Black "fabrizio"]
[WhiteElo "800"]
[BlackElo "1000"]
[PlyCount "30"]
[Result "0-1"]

1.e4 e5 2.Nf3 Nc6 3.Bc4 Bc5 4.O-O Nf6 5.d3 O-O 
6.Ne1 d5 7.exd5 Bg4 8.Qd2 Nxd5 9.Nc3 Nf4 10.a3 Nd4 
11.b4 Nde2+ 12.Kh1 Bd4 13.Bb2 Nxc3 14.f3 Ne4 
15.Bxd4 Nxd2 0-1

[Event "HCL-B204"]
[Site "www.playchess.de"]
[Date "2001.03.21"]
[Round "7"]
[White "harkbrw"]
[Black "Translightor"]
[WhiteElo "1200"]
[BlackElo "1474"]
[PlyCount "41"]
[Result "1-0"]

1.e4 c5 {Not against a grandmaster ;-)   Hello & 
Good Luck!}  2.Nf3 {thanks, luck for you too!}  e6 
3.d4 cxd4 4.Bb5 a6 5.Ba4 b5 6.Bb3 Bb7 7.Qxd4 Nf6 
8.Bg5 Be7 9.Nc3 O-O 10.O-O-O Nc6 11.Qd3 h6 12.h4 
Nb4 13.Qe2 hxg5 14.hxg5 Ng4 15.a3 Nc6 16.g6 Bg5+ 
17.Kb1 Nge5 18.gxf7+ Kxf7 19.Nxg5+ Qxg5 20.f4 Qg4 
21.Rxd7+ 1-0

[Event "HCL-B214"]
[Site "www.playchess.de"]
[Date "2001.03.21"]
[Round "1"]
[White "sundfar"]
[Black "Think"]
[WhiteElo "1043"]
[BlackElo "1200"]
[PlyCount "76"]
[Result "0-1"]

1.e4 e6 2.d4 d5 {Hi Björn, how long do you play 
chess? And are you regulary playing in a club?}  
3.e5 {have played regularly in a club for just 6 
months. This is my second tour here.}  c5 {This is 
my first tour. What do you think? Do these tours 
improve your playing?}  4.c3 Nc6 5.Nf3 {I have 
played a lot of blitz games at internet before, 
but I find these games more improving.}  Qb6 6.g3 
cxd4 7.cxd4 Bb4+ 8.Bd2 Nge7 9.Bg2 Nf5 10.O-O Bxd2 
11.Qxd2 Nfxd4 12.Nc3 Nxf3+ 13.Bxf3 Nxe5 14.Bg2 O-O 
15.Rab1 Bd7 16.b3 Rac8 17.Rfe1 Ng6 18.Ne2 Rc7 
19.a4 Rfc8 20.Rb2 Ne5 21.Nd4 Nc6 22.Nb5 Qa5 
23.Qxa5 Nxa5 24.Nxc7 Rxc7 {The move before my last 
was a very bad one!}  25.Rbb1 {Yes, I was sure you 
were winning with to extra pawns, but now the game 
has changed}  Bc6 26.Rec1 a6 27.Bf1 g6 28.b4 Nc4 
29.Bxc4 dxc4 30.Rxc4 Rd7 31.b5 axb5 32.axb5 Bf3 
33.b6 Kg7 {Do you have a plan to win this game !?} 
 34.Rc7 Rd6 35.h4 h5 36.Kh2 Rd2 37.Kg1 {Yes I'm 
always planning to win my games}  Rd6 {Now Kh2 and 
I' m satisfied.;-)}  38.Rb3 Rd1+ {That was a very 
bad move. Now I win the tournemant.} 
 0-1

[Event "ACL-E003"]
[Site "www.playchess.de"]
[Date "2001.03.21"]
[Round "33"]
[White "deepcover"]
[Black "iq160"]
[WhiteElo "1710"]
[BlackElo "1660"]
[PlyCount "40"]
[Result "1/2-1/2"]

1.d4 Nf6 2.c4 e6 3.Nc3 Bb4 4.Bd2 d5 5.e3 O-O 6.Nf3 
b6 7.Be2 Ba6 8.cxd5 exd5 9.O-O Bxe2 10.Nxe2 Bd6 
11.Ng3 Nc6 12.Nf5 Ne7 13.Nxd6 Qxd6 14.b4 Ne4 
15.Rc1 c6 16.Be1 Kh8 17.Ne5 f6 18.Nd3 Qd7 19.Qc2 
Nd6 20.Nf4 Nc4 1/2-1/2

[Event "ACL-E003"]
[Site "www.playchess.de"]
[Date "2001.03.21"]
[Round "35"]
[White "deepcover"]
[Black "Bill"]
[WhiteElo "1710"]
[BlackElo "1722"]
[PlyCount "102"]
[Result "1/2-1/2"]

1.d4 Nf6 2.c4 c5 3.d5 e6 4.Nc3 exd5 5.cxd5 d6 6.e4 
g6 7.Nf3 a6 8.a4 Bg4 9.Be2 Bg7 10.O-O O-O 11.Bf4 
Qe7 12.Nd2 Bxe2 13.Qxe2 Nh5 14.Be3 Nd7 15.Rfe1 
Rae8 16.Rac1 Qd8 17.g4 Nhf6 18.f4 h5 19.gxh5 Nxh5 
20.Qg4 Qe7 21.Rcd1 b5 22.axb5 axb5 23.Nxb5 Ndf6 
24.Qf3 Reb8 25.Na3 Nd7 26.b3 Rba8 27.Ndc4 Rfb8 
28.Bf2 Qf6 29.Bg3 Ne5 30.Qf2 Nxc4 31.Nxc4 Rxb3 
32.e5 dxe5 33.fxe5 Qg5 34.Qd2 Qg4 35.Qc2 Rf3 
36.Ne3 Qg5 37.Qe4 Rf4 38.Qg2 Nxg3 39.Qxg3 Qxe5 
40.Nc4 Qf6 41.Ne5 Rf5 42.Ng4 Qb2 43.Kh1 c4 44.d6 
Qb7+ 45.Qg2 Qxg2+ 46.Kxg2 Rb5 47.d7 Rbb8 48.Ne5 
Bxe5 49.Rxe5 Rbd8 50.Rc5 Kf8 51.Rxc4 
Ra7 1/2-1/2

[Event "HCL-B210"]
[Site "www.playchess.de"]
[Date "2001.03.21"]
[Round "14"]
[White "Axel"]
[Black "Translightor"]
[WhiteElo "1765"]
[BlackElo "1469"]
[PlyCount "32"]
[Result "1/2-1/2"]

1.d4 d5 2.c4 e6 3.Nc3 Nf6 4.Bg5 Be7 5.e3 O-O 6.Nf3 
h6 7.Bxf6 Bxf6 8.Qc2 c6 9.Bd3 dxc4 10.Bxc4 Nd7 
11.O-O Nb6 12.Bd3 Nd5 13.Nxd5 exd5 14.h3 Qe7 
15.Rac1 Re8 16.a3 a6 1/2-1/2

[Event "ACL-A117"]
[Site "www.playchess.de"]
[Date "2001.03.21"]
[Round "10"]
[White "Flab"]
[Black "Alyaspogi"]
[WhiteElo "1500"]
[BlackElo "1388"]
[PlyCount "53"]
[Result "1-0"]

1.e4 e6 2.d4 d5 3.f3 dxe4 4.fxe4 Nc6 5.Be3 Nf6 
6.Bd3 Qd6 7.Nf3 Qb4+ 8.Nc3 Qxb2 9.Na4 Qb4+ 10.c3 
Qa5 11.a3 b5 12.Ke2 bxa4 13.Rb1 Ba6 14.Bxa6 Qxa6+ 
15.Qd3 Qxd3+ 16.Kxd3 Bxa3 17.h4 Kd7 18.Ne5+ Nxe5+ 
19.dxe5 Ng4 20.Rh3 Nxe5+ 21.Kd4 f6 22.Rg3 Kc6 
23.c4 a5 24.Kc3 Bb4+ 25.Kc2 Nxc4 26.Bc1 g6 
27.Rd3 1-0

[Event "ACL-A119"]
[Site "www.playchess.de"]
[Date "2001.03.21"]
[Round "20"]
[White "deadeasy"]
[Black "esad"]
[WhiteElo "1500"]
[BlackElo "1264"]
[PlyCount "43"]
[Result "1-0"]

1.d4 d5 2.e4 e6 3.Nc3 a6 4.Nf3 Bb4 5.e5 Bxc3+ 
6.bxc3 Ne7 7.c4 O-O 8.Bd3 h6 9.O-O Nbc6 10.c3 Bd7 
11.Rb1 dxc4 12.Bxc4 b5 13.Bd3 Nd5 14.Bc2 Nxc3 
15.Qd3 Ne2+ 16.Qxe2 Ne7 17.Qe4 g6 18.Bxh6 Re8 
19.Bg5 Bc6 20.Qh4 Qd7 21.Bf6 Kf8 
22.Qh6+ 1-0

[Event "HCL-C230"]
[Site "www.playchess.de"]
[Date "2001.03.21"]
[Round "11"]
[White "flywheel"]
[Black "otaolive"]
[WhiteElo "1207"]
[BlackElo "1000"]
[PlyCount "31"]
[Result "1-0"]

1.e4 b5 2.Bxb5 Nf6 3.Nc3 h5 4.d4 Bb7 5.d5 Ng4 
6.Nf3 e5 7.dxe6 fxe6 8.Bg5 Qc8 9.O-O a5 10.Qd4 a4 
11.Nxa4 g6 12.Nc5 Ra5 13.Qxh8 c6 14.Bd3 Rxc5 15.e5 
Rd5 16.Bxg6+ 1-0